00405 2200145 4500245008600000020001500086250001000101100001700111650003900128005001900167260004100186041001400227084000900241336000900250 aSeri Manajemen Sumber Daya Manusia ; Memimpin Manusia jilid 1cA.Dale TimpehText a0816019010 aCet 5 aA.Dale Timpe aSeri Manajemen Sumber Daya Manusia a20240820101837 aJakartabElex Media Komputindoc2002 aIndonesia aNONE atext